| 000 | 01494cam a22003494a 4500 | ||
|---|---|---|---|
| 001 | 16185006 | ||
| 005 | 20100618091529.0 | ||
| 008 | 100413s2010 dcua b i001 0 eng c | ||
| 010 | _a 2010278431 | ||
| 020 | _a9780821381908 (pbk.) | ||
| 020 | _a0821381903 (pbk.) | ||
| 035 | _a(OCoLC)ocn489009667 | ||
| 040 |
_aBTCTA _cBTCTA _dYDXCP _dCDX _dTJC _dBWX _dDLC |
||
| 042 | _apcc | ||
| 043 | _af-ua--- | ||
| 050 | 0 | 0 |
_aHD6209 _b.E387 2010 |
| 082 | 0 | 0 |
_a331.40962 _222 _bEGY |
| 245 | 0 | 0 |
_aEgyptian Women Workers and Entrepreneurs : _bMaximizing Opportunities in the Economic Sphere / _cSahar Nasr, editor. |
| 260 |
_aWashington, D.C. : _bWorld Bank,2010 _cc2010. |
||
| 300 |
_axvii, 78 p. : _bill. ; _c23 cm. |
||
| 490 | 1 |
_aDirections in development. Private sector _922358 |
|
| 504 | _aIncludes bibliographical references (p. 71-74) and index. | ||
| 650 | 0 |
_aWomen _xEmployment _zEgypt. _922359 |
|
| 650 | 0 |
_aBusinesswomen _zEgypt. _922360 |
|
| 650 | 0 |
_aSex discrimination in employment _zEgypt. _922361 |
|
| 650 | 0 |
_aWomen _zEgypt _xEconomic conditions. _922362 |
|
| 700 | 1 |
_aNasr, Sahar. _922363 |
|
| 830 | 0 |
_aDirections in development. _pPrivate sector. _922364 |
|
| 942 |
_2ddc _cBB |
||
| 999 |
_c14968 _d14968 |
||